<?xml version="1.0" encoding="UTF-8"?>
<record
    xmlns:xsi="http://www.w3.org/2001/XMLSchema-instance"
    xsi:schemaLocation="http://www.loc.gov/MARC21/slim http://www.loc.gov/standards/marcxml/schema/MARC21slim.xsd"
    xmlns="http://www.loc.gov/MARC21/slim">

  <leader>01215nam a22002535i 4500</leader>
  <controlfield tag="001">167622</controlfield>
  <controlfield tag="003">ES-MaACL</controlfield>
  <controlfield tag="005">20250905141121.0</controlfield>
  <controlfield tag="008">960320s1878    sp           |||| | spa d</controlfield>
  <datafield tag="080" ind1=" " ind2=" ">
    <subfield code="a">355 Aldana, Bernardo de</subfield>
  </datafield>
  <datafield tag="080" ind1=" " ind2=" ">
    <subfield code="a">94(439)"15"</subfield>
  </datafield>
  <datafield tag="100" ind1="1" ind2=" ">
    <subfield code="a">Villela de Aldana, Juan.</subfield>
    <subfield code="9">133763</subfield>
  </datafield>
  <datafield tag="245" ind1="1" ind2="0">
    <subfield code="a">Expedici&#xF3;n del maestre de campo Bernardo de Aldana a Hungr&#xED;a en 1548 / </subfield>
    <subfield code="c">escrita por frey Juan Villela de Aldana, su hermano, cl&#xE9;rigo de la Orden de Alc&#xE1;ntara ; publ&#xED;cala ahora por primera vez, abreviada y precedida de una introducci&#xF3;n, Antonio Rodr&#xED;guez Villa.</subfield>
  </datafield>
  <datafield tag="260" ind1=" " ind2=" ">
    <subfield code="a">Madrid : </subfield>
    <subfield code="b">Medina, </subfield>
    <subfield code="c">1878 (</subfield>
    <subfield code="f">Estab. tip. de J.C. Conde y C.)</subfield>
  </datafield>
  <datafield tag="300" ind1=" " ind2=" ">
    <subfield code="a">112 p. ; </subfield>
    <subfield code="c">19 cm.</subfield>
  </datafield>
  <datafield tag="530" ind1=" " ind2=" ">
    <subfield code="a">Disponible en formato digital.</subfield>
  </datafield>
  <datafield tag="596" ind1=" " ind2=" ">
    <subfield code="a">Marca tip. en cub.</subfield>
  </datafield>
  <datafield tag="600" ind1="1" ind2="4">
    <subfield code="a">Aldana, Bernardo de.</subfield>
    <subfield code="9">157249</subfield>
  </datafield>
  <datafield tag="651" ind1=" " ind2="4">
    <subfield code="a">Hungr&#xED;a-</subfield>
    <subfield code="x">Historia-</subfield>
    <subfield code="y">1526-1699, Ocupaci&#xF3;n turca.</subfield>
    <subfield code="9">174389</subfield>
  </datafield>
  <datafield tag="700" ind1="1" ind2=" ">
    <subfield code="a">Rodr&#xED;guez Villa, Antonio, </subfield>
    <subfield code="d">1843-1912</subfield>
    <subfield code="9">98860</subfield>
  </datafield>
  <datafield tag="852" ind1="4" ind2=" ">
    <subfield code="a">ES-MaACL</subfield>
    <subfield code="j">T-879-F-4    </subfield>
    <subfield code="z">- Enc. hol.    </subfield>
    <subfield code="z">- Enc. en un vol. facticio</subfield>
  </datafield>
  <datafield tag="856" ind1="4" ind2=" ">
    <subfield code="u">http://ciconia.gobex.es/biblioteca/es/consulta/registro.cmd?id=3877</subfield>
    <subfield code="z">Biblioteca Digital del Patrimonio Cultural de Extremadura</subfield>
  </datafield>
  <datafield tag="999" ind1=" " ind2=" ">
    <subfield code="c">167622</subfield>
    <subfield code="d">167622</subfield>
  </datafield>
  <datafield tag="952" ind1=" " ind2=" ">
    <subfield code="0">0</subfield>
    <subfield code="1">0</subfield>
    <subfield code="4">0</subfield>
    <subfield code="7">0</subfield>
    <subfield code="8">Colecci&#xF3;n_de_folletos</subfield>
    <subfield code="a">ATENEOM</subfield>
    <subfield code="b">ATENEOM</subfield>
    <subfield code="c">DEPOF</subfield>
    <subfield code="d">2008-01-17</subfield>
    <subfield code="l">0</subfield>
    <subfield code="o">T-879-F-4</subfield>
    <subfield code="p">1175856</subfield>
    <subfield code="r">2023-02-23 00:00:00</subfield>
    <subfield code="w">2023-02-23</subfield>
    <subfield code="y">FOLLETOS</subfield>
  </datafield>
</record>
